| 000 | 01563nam a22003737a 4500 | ||
|---|---|---|---|
| 001 | BRCA_9426 | ||
| 003 | FranzMayer | ||
| 005 | 20230918130523.0 | ||
| 008 | 230906b |||||||| |||| 00| 0 eng d | ||
| 020 | _a8497851692 | ||
| 040 |
_aMFM _bESPAÑOL _cMFM |
||
| 050 | 0 |
_aPQ6323.A1 _bA38 2005 |
|
| 110 | 1 |
_4Responsable _aAjuntament de Barcelona _929667 |
|
| 240 |
_aEl Quijote y Barcelona _lEspañol |
||
| 245 | 0 | _aEl Quijote y Barcelona | |
| 260 |
_aBarcelona, España _bAjuntament de Barcelona _c2005 |
||
| 300 |
_a196 p _bIlustraciones a color _c30 cm |
||
| 500 | _aAnexo 1 | ||
| 500 | _aIncluye una tarjeta a color en la primer página con más información sobre el material | ||
| 505 | _aTexto en: españolIncluye índice temáticoDirigido a: personas con interés en el Quijote de la Mancha | ||
| 650 | 1 |
_2Literatura española _aCervantes de Saavedra, Miguel _vObras de Cervantes _929668 |
|
| 651 | 2 |
_2Don Quijote de la Mancha _aCatálogos _vEl Quijote y Barcelona _929669 |
|
| 700 | 1 |
_4Colaborador _aBlecua, Alberto _929670 |
|
| 700 | 1 |
_4Colaborador _aBurgos Rincón, Javier _929671 |
|
| 700 | 1 |
_4Colaborador _aCanavaggio, Jean _929672 |
|
| 700 | 1 |
_4Colaborador _aJ. Close, Anthony _929673 |
|
| 700 | 1 |
_4Colaborador _aGarcía Cárcel, Ricardo _929674 |
|
| 700 | 1 |
_4Colaborador _aGarcía Espuche, Albert _929675 |
|
| 700 | 1 |
_4Colaborador _aPeña, Manuel _929676 |
|
| 700 | 1 |
_4Colaborador _aRiera, Carme _929677 |
|
| 700 | 1 |
_4Colaborador _aRíquer de, Martí _929678 |
|
| 700 | 1 |
_4Colaborador _aSerés, Guillermo _929679 |
|
| 942 |
_2lcc _cB |
||
| 999 |
_c11048 _d11048 |
||